Наноматериалы и окружающая среда: применение и оценка рисков: электронный курс
| Glavni avtor: | |
|---|---|
| Korporativna značnica: | |
| Izvleček: | Заглавие с экрана Основной целью курса является подготовка студента к применению в практической деятельности принципов рационального использования природных ресурсов и защиты окружающей среды. Весь материл, представленный в курсе, предназначен для того, чтобы студент смог описать весь жизненный цикл наночастиц от их получения до их утилизации. Рассматриваются источники поступления наноматериалов в окружающую среду, включая промышленное и лабораторное производство, разработку и исследование, а также применение наночастиц для разных сфер жизнедеятельности человека. Отдельное внимание уделяется миграции наночастиц в окружающей среде и организме человека. Студенты будут экспериментально исследовать и изучать литературу на предмет, как изменяются биологические свойства наночастиц в зависимости от внешних условий, посмотрят механизмы и виды действия наноматериалов на млекопитающих, беспозвоночных, растения и простейших. Знания, полученные в курсе, помогут студентам, специализирующимся в области наноматериалов, прогнозировать потенциальные риски, возникающие при взаимодействии наноматериалов с окружающей средой, в частности с организмом человека, как частью биосферы, а также обеспечить технический и индивидуальный контроль содержания наночастиц в воздухе рабочей зоны лаборатории или производства. Доступ по логину и паролю |
| Jezik: | ruščina |
| Izdano: |
Томск, TPU Moodle, 2023
|
| Teme: | |
| Online dostop: | https://design.lms.tpu.ru/course/view.php?id=4577 https://stud.lms.tpu.ru/course/view.php?id=5304 |
| Format: | Elektronski Knjiga |
| KOHA link: | https://koha.lib.tpu.ru/cgi-bin/koha/opac-detail.pl?biblionumber=669391 |
MARC
| LEADER | 00000nlm0a2200000 4500 | ||
|---|---|---|---|
| 001 | 669391 | ||
| 005 | 20250205063155.0 | ||
| 035 | |a (RuTPU)RU\TPU\network\40631 | ||
| 035 | |a RU\TPU\network\40395 | ||
| 090 | |a 669391 | ||
| 100 | |a 20230427d2023 m y0rusy50 ca | ||
| 101 | 0 | |a rus | |
| 102 | |a RU | ||
| 105 | |a a j 000zy | ||
| 135 | |a jrcn ---uucaa | ||
| 181 | 0 | |a i | |
| 182 | 0 | |a b | |
| 200 | 1 | |a Наноматериалы и окружающая среда: применение и оценка рисков |e электронный курс |f А. Ю. Годымчук |g Национальный исследовательский Томский политехнический университет, Инженерная школа новых производственных технологий, Отделение материаловедения | |
| 203 | |a Текст |c электронный | ||
| 210 | |a Томск |c TPU Moodle |d 2023 | ||
| 300 | |a Заглавие с экрана | ||
| 330 | |a Основной целью курса является подготовка студента к применению в практической деятельности принципов рационального использования природных ресурсов и защиты окружающей среды. Весь материл, представленный в курсе, предназначен для того, чтобы студент смог описать весь жизненный цикл наночастиц от их получения до их утилизации. Рассматриваются источники поступления наноматериалов в окружающую среду, включая промышленное и лабораторное производство, разработку и исследование, а также применение наночастиц для разных сфер жизнедеятельности человека. Отдельное внимание уделяется миграции наночастиц в окружающей среде и организме человека. Студенты будут экспериментально исследовать и изучать литературу на предмет, как изменяются биологические свойства наночастиц в зависимости от внешних условий, посмотрят механизмы и виды действия наноматериалов на млекопитающих, беспозвоночных, растения и простейших. Знания, полученные в курсе, помогут студентам, специализирующимся в области наноматериалов, прогнозировать потенциальные риски, возникающие при взаимодействии наноматериалов с окружающей средой, в частности с организмом человека, как частью биосферы, а также обеспечить технический и индивидуальный контроль содержания наночастиц в воздухе рабочей зоны лаборатории или производства. | ||
| 333 | |a Доступ по логину и паролю | ||
| 610 | 1 | |a электронный ресурс | |
| 610 | 1 | |a труды учёных ТПУ | |
| 610 | 1 | |a электронное обучение | |
| 610 | 1 | |a электронные курсы ТПУ | |
| 610 | 1 | |a электронные учебные пособия | |
| 610 | 1 | |a наночастицы | |
| 610 | 1 | |a окружающая среда | |
| 610 | 1 | |a наноматериалы | |
| 700 | 1 | |a Годымчук |b А. Ю. |c специалист в области нанотехнологий и наноматериалов |c доцент Томского политехнического университета, кандидат технических наук |f 1978- |g Анна Юрьевна |x TPU |y Томск |3 (RuTPU)RU\TPU\pers\26193 |9 12001 | |
| 712 | 0 | 2 | |a Национальный исследовательский Томский политехнический университет |b Инженерная школа новых производственных технологий |b Отделение материаловедения |3 (RuTPU)RU\TPU\col\23508 |
| 801 | 2 | |a RU |b 63413507 |c 20230512 |g RCR | |
| 856 | 4 | |u https://design.lms.tpu.ru/course/view.php?id=4577 | |
| 856 | 4 | |u https://stud.lms.tpu.ru/course/view.php?id=5304 | |
| 942 | |c CF | ||